000 00353nam a2200133Ia 4500
008 240624s9999 xx 000 0 und d
041 _aeng
082 _a303.4833 CAS
100 _aCASTELLS MANUEL
245 _aRECONCEPTUALIZING DEVELOPMENT IN THE GLO
260 _c2014
_aNew Delhi
_bOxford
300 _axix, : 360 : p. : cm. ; 23
365 _cBPS
_b38
999 _c28365
_d28365